书目信息 |
| 题名: |
政治经济学
|
|
| 作者: | 宁玉山 , 南方十六所大学《政治经济学》教材编写组 主编 | |
| 分册: | ||
| 出版信息: | 武汉 武汉大学出版社 1993 |
|
| 页数: | 295页 | |
| 开本: | 20cm | |
| 丛书名: | ||
| 单 册: | ||
| 中图分类: | F04 | |
| 科图分类: | ||
| 主题词: | 社会主义社会--生产方式 , 政治经济学--高等学校--教材 , 社会主义经济学--高等学校--教材 | |
| 电子资源: | ||
| ISBN: | 7-307-01655-9 | |
| 000 | 00833nam0 2200277 45 | |
| 001 | 0189010171 | |
| 005 | 20070730140938.71 | |
| 010 | @a7-307-01655-9@dCNY10.40 | |
| 020 | @aCN@b89010171 | |
| 100 | @a19910105d1993 m y0chiy0120 ea | |
| 101 | 0 | @achi |
| 102 | @aCN@b420000 | |
| 105 | @ay j 000yy | |
| 200 | 10 | @a政治经济学@Azheng zhi jing ji xue@f宁玉山主编 |
| 210 | @a武汉@c武汉大学出版社@d1993@h1996 | |
| 215 | @a295页@d20cm | |
| 300 | @a全国高等教育自学考试教材 | |
| 540 | 1 | @a政治经济学@Azheng zhi jing ji xue |
| 606 | 0 | @a社会主义社会@x生产方式 |
| 606 | @a政治经济学@x高等学校@x教材 | |
| 606 | @a社会主义经济学@x高等学校@x教材 | |
| 690 | @aF04 | |
| 701 | 0 | @a宁玉山@Aning yu shan@4主编 |
| 701 | 0 | @a南方十六所大学《政治经济学》教材编写组@4编 |
| 801 | 0 | @aCN@bNLC@c20070730 |
| 905 | @f2@b215623-624@dF04@e109 | |
| 政治经济学/宁玉山主编.-武汉:武汉大学出版社,1993(1996) |
| 295页;20cm |
| 全国高等教育自学考试教材 |
| ISBN 7-307-01655-9:CNY10.40 |
| ● |
| 相关链接 |
|
|
|
|
正题名:政治经济学
索取号:F04/109
 
预约/预借
| 序号 | 登录号 | 条形码 | 馆藏地/架位号 | 状态 | 备注 |
| 1 | 0766995 | 207669959 | 密集书库/ [索取号:F04/109] | 在馆 | |
| 2 | 0767013 | 207670135 | 密集书库/ [索取号:F04/109] | 在馆 | |
| 3 | 0770018 | 207700184 | 第一样本阅览室/ [索取号:F04/109] | 在馆 |